000
00474nam a2200145Ia 4500
008
100122s9999 xx 000 0 und d
082
_b
13911
_a
321.4
100
_a
आठवले सदाशिव
245
_a
लोकशाहीचा कारभार
260
_b
शंकरराव देव
_c
1965
300
_a
224
630
_a
लोकशाहीचा कारभार
730
_a
लोकशाहीचा कारभार
942
_c
BOOK
999
_c
404618
_d
404615